MLS Teams 2025 - Statistics

General Stats
  • This quiz has been taken 52 times
  • The average score is 19 of 30
Answer Stats
Year Joined Conference Club % Correct
2020 Eastern Inter Miami CF
90%
2017 Eastern Atlanta United FC
85%
2018 Western LAFC
82%
1996 Western LA Galaxy
77%
2007 Eastern Toronto FC
74%
2011 Western Portland Timbers FC
72%
2011 Western Vancouver Whitecaps FC
72%
2021 Western Austin FC
69%
1996 Western FC Dallas
69%
2015 Eastern Orlando City SC
69%
2009 Western Seattle Sounders FC
69%
1998 Eastern Chicago Fire FC
67%
2020 Eastern Nashville SC
67%
2012 Eastern CF Montreal
64%
2022 Eastern Charlotte FC
64%
1996 Eastern Columbus Crew
64%
1996 Eastern D.C. United
64%
1996 Eastern New York Red Bulls
62%
2005 Western Real Salt Lake
62%
2019 Eastern FC Cincinnati
59%
1996 Eastern New England Revolution
56%
2015 Eastern New York City FC
56%
2010 Eastern Philadelphia Union
56%
2006 Western Houston Dynamo FC
54%
2017 Western Minnesota United FC
54%
2025 Western San Diego FC
54%
1996 Western Colorado Rapids
51%
1996 Western San Jose Earthquakes
46%
1996 Western Sporting Kansas City
46%
2023 Western St. Louis City SC
31%
No matching quizzes found
Score Distribution
Percent of People with Each Score
Percentile by Number Answered
Your Score History
You have not taken this quiz